| 000 | 01877nam a2200433 c 4500 | ||
|---|---|---|---|
| 001 | 24870 | ||
| 003 | ES-MaCES | ||
| 005 | 20170707132252.0 | ||
| 008 | 130220s2012 sp l o000 | spa d | ||
| 017 |
_aM 3082-2002 _bDL |
||
| 024 | 7 |
_a720-12-058-0 _2nipo |
|
| 024 | 7 |
_a630-12-186-7 _2nipo |
|
| 035 | _aCES20130000572m | ||
| 040 |
_aES-MaCES _bspa _cES-MaCES |
||
| 110 | 1 |
_aEspaña _tReal Decreto Legislativo por el que se aprueba el texto refundido de la Ley del impuesto sobre sociedades _d2004 _93328 |
|
| 245 | 1 | 0 |
_aImpuesto sobre sociedades _b: (actualización noviembre 2012) |
| 250 | _a8ª ed | ||
| 260 |
_a[Madrid] _bMinisterio de Hacienda y Administraciones Públicas _bMinisterio de Economía y Competitividad _c[2012] |
||
| 300 |
_a354 p. _c17 cm |
||
| 490 | 1 |
_aTextos legales / separata del Boletín Oficial de los Ministerios de Hacienda y Administraciones Públicas y de Economía y Competitividad _v11-2012 |
|
| 500 | _aÍndices | ||
| 500 | _aAnteriormente, v.a.: Ministerio de Economía y Hacienda | ||
| 541 | _cGratuito | ||
| 650 | 4 |
_atexto _929624 |
|
| 650 | 4 |
_areglamento _927154 |
|
| 650 | 4 |
_alegislación económica _927161 |
|
| 650 | 4 |
_aComunidades Autónomas _930768 |
|
| 650 | 4 |
_aEspaña _926964 |
|
| 650 | 4 |
_aimpuesto sobre sociedades _928081 |
|
| 653 | 1 | 0 | _aLegislación |
| 710 | 1 |
_aEspaña _bMinisterio de Economía y Hacienda _93237 |
|
| 710 | 1 |
_aEspaña _bMinisterio de Economía y Competitividad _eed. _93236 |
|
| 710 | 1 |
_93246 _aEspaña _bMinisterio de Hacienda y Administraciones Públicas _eed. |
|
| 775 | 0 |
_tImpuesto sobre sociedades _w(ES-MaCES)21302 |
|
| 830 | 0 |
_aTextos legales / separata del Boletín Oficial de los Ministerios de Hacienda y Administraciones Públicas y de Economía y Competitividad _v11-2012 _934653 |
|
| 902 | _aLIB Libro | ||
| 942 |
_2CES _cBK _h6.1. |
||
| 999 |
_c24870 _d24870 |
||